000 00614nam a2200181Ia 4500
005 20260216155939.0
008 231207s9999 xx 000 0 und d
020 _a9780393970128
040 _cPK-LaNCA
082 _aFTV 823
_bSTO
100 _aStoker, Bram
245 0 _aDracula : authoritative text contexts reviews and reactions dramatic and film variations criticism
260 _bW. W. Norton & Company
_aNew York
_c1997
300 _axiv, 488p
546 _aEnglish
650 _aEnglish fiction. Horror tales, english--History and criticism. Dracula, Count(Fictitious chracter|). FTV.
942 _cF&TV
999 _c22264
_d22264